000
00196 a2200097 4500
020
_a
9789992482407
041
_a
spa
100
_a
Belli , Gioconda
245
_a
Sofia de los presagios
942
_c
BK
999
_c
8634
_d
8634